000 00534nam a2200217Ia 4500
003 0100
008 130303s9999 xx 000 0 und d
040 _cARRUPELIB
050 _aBS1199.S8M27 1997
100 _aMagnante, Antonio
245 _aWhy suffering?
245 _bThe mestery of suffering in the bible
260 _aNairobi
260 _bPaulines
260 _C1997
300 _a143p
300 _b 22 cm.
650 _bBible OT Ruth--Commentaries
650 _cBible OT Tobit--Commentaries
942 _2lcc
_01
999 _c58934
_d58934